00737nam a2200241 a 4500001001300000003000900013005001700022008004100039020002300080082001600103100002000119245004600139260004400185300000900229500003500238505002400273650001700297700002000314902000800334942000700342952012900349999001700478nice12345678IN_TiNIC20260116014547.0050524s1997 dela grp 000 0 eng  a8185220 c16500a291.22bANS aAnsari, Iqbal A aConcept of Man in Comparative Perspective aDelhibInstt.Of Objective Studiesc1997 a216p aincludes index and biblioraphy2 aSelect Bibliography aMan-Religion1 aAnsari, Iqbal A bSRS cBK 001040708StackRoom-aHMIbHMId2007-07-19g165.00l1o291.22 ANSp020133r2018-09-12s2018-09-10v165.00w2005-05-24yBK c15978d15978